000 01897nam a2200361 i 4500
001 77822
003 SpMaBN
005 20250727124133.0
008 200306s2016 sp a |||| |bspa d
020 _a978-84-617-5899-9
080 _a929 Álvarez, Consuelo
100 1 _aCrespo, María Victoria.
_941528
245 1 0 _aConsuelo Álvarez, "Violeta" :
_btelegrafista, periodista y defensora de los derechos de la mujer /
_cVictoria Crespo.
250 _a1ª ed.
260 _aMadrid :
_bFundación Rogelio Segovia para el Desarrollo de las Telecomunicaciones,
_c2016.
300 _a343 p. :
_bil. ;
_c24 cm.
490 1 _aCuadernos de historia de las telecomunicaciones ;
_v9
500 _aCronología.
500 _aÍndice.
504 _aBibliografía: p. 333-338.
505 8 _aContiene: "Violeta" ateneísta (1907-1936), p. 103-113 ; Apéndice documental: Selección de poemas. Selección de cuentos. Selección de artículos por temas
530 _aDisponible en formato digital.
596 _aEn cub.: Escuela Técnica Superior de Ingenieros de Telecomunicación, Universidad Politécnica de Madrid.
600 1 4 _aÁlvarez, Consuelo,
_d1867-1959
_9169877
700 1 _aÁlvarez, Consuelo,
_d1867-1959
_9169877
710 2 _aUniversidad Politécnica de Madrid.
_bEscuela Técnica Superior de Ingenieros de Telecomunicación.
_97441
830 1 _aCuadernos de historia de las telecomunicaciones ;
_v9
_9231363
852 4 _aES-MaACL
_jA-14561
_980735
_bR.151935
_cDEPO1
_dOlim: N-7561
_hDonación: Victoria Crespo
_zRevisado enlace: 27 de julio de 2025
856 4 _uhttps://forohistorico.coit.es/index.php/biblioteca/libros-electronicos/item/consuelo-alvarez-violeta-telegrafista-periodista-y-defensora-de-los-derechos-de-la-mujer
_y(Foro Histórico de las Telecomunicaciones)
903 _941528
_aCrespo, María Victoria
942 _2udc
_cMONOGRAFIA
999 _c77822
_d77822